Perangkap merak hitam

Bibliographic Details
Main Author: Rosnah M.D
Format: Book
Published: Selangor : Sama Publications & Distributors , 2004
Series:Siri novel kreatif remaja
Subjects:

MARC

LEADER 00000cam a2200000 7i4500
001 0000000662
005 20151222.0
008 070702
020 |a 9679389316(set) 
020 |a 9679389367 
090 0 0 |a JF   |b AD MAL (349) 
100 0 |a Rosnah M.D 
245 1 0 |a Perangkap merak hitam   |c Rosnah M.D 
260 |a Selangor :   |b Sama Publications & Distributors ,   |c 2004 
440 0 |a Siri novel kreatif remaja 
500 |a Children ages 7-9 years old (orange) 
650 0 |a Detective and mystery stories, Malay 
650 0 |a Malay fiction 
999 |a 0000918456   |b Book   |c Children Collection   |e Cawangan Bukit Gambir 
999 |a 0000918457   |b Book   |c Children Collection   |e Cawangan Bukit Gambir 
999 |a 0000918458   |b Book   |c Children Collection   |e Cawangan Bukit Gambir 
999 |a 0000927342   |b Book   |c Children Collection   |e Cawangan Tangkak 
999 |a 0000927344   |b Book   |c Children Collection   |e Cawangan Tangkak 
999 |a 0000959241   |b Book   |c Children Collection   |e Perbadanan Perpustakaan Awam Johor 
999 |a 0000959243   |b Book   |c Children Collection   |e Cawangan Mersing 
999 |a 0000959244   |b Book   |c Children Collection   |e Perbadanan Perpustakaan Awam Johor 
999 |a 0000959245   |b Book   |c Children Collection   |e Cawangan Mersing